-LL Vocabulary Words - Statistics

General Stats
  • This quiz has been taken 244 times
  • The average score is 13 of 20
Answer Stats
Definition Word % Correct
found on the seashore shell
92%
take a leisurely walk stroll
92%
detect scent or odor smell
89%
tip out liquid accidentally spill
88%
headbone skull
85%
the second "F" in FIFA football
80%
in summary, "in a ________" nutshell
80%
remember recall
77%
aquatic bird seagull
77%
say goodbye to farewell
74%
boxers can be saved by this bell
70%
precipitation rainfall
69%
coral reef encircling a lagoon atoll
57%
2nd cup of coffee refill
51%
unexpected bonus windfall
45%
ponder, think carefully about mull
39%
Norwegian mythical creature troll
37%
ornamental rolled paper scroll
36%
positive intention; kindness goodwill
27%
shock announcement bombshell
15%
No matching quizzes found
Score Distribution
Percent of People with Each Score
Percentile by Number Answered
Your Score History
You have not taken this quiz